Statystyki dla Państwa Według Granic w 90 Sekund

Kliknij tutaj aby rozwiązać quiz!

Ogólne statystyki

  • Ten quiz został rozwiązany 214 324 razy
    (168 431 od ostatniego zresetowania)
  • Średni wynik to 95 z 157

Odpowiedzi na mapie

Odpowiedzi skodowane kolorowo w zielono-czerwonej skali na mapie do tego quizu, zgodnie z poniższymi procentami.
Ładowanie ...
 

Statystyki odpowiedzi

Kraj% Poprawnych
Rosja
98%
Białoruś
97%
Litwa
97%
Polska
97%
Ukraina
97%
Francja
96%
Niemcy
96%
Chiny
94%
Kanada
94%
Stany Zjednoczone
94%
Meksyk
93%
Brazylia
92%
Kazachstan
92%
Czechy
91%
Mongolia
91%
Korea Północna
89%
Finlandia
88%
Norwegia
88%
Argentyna
87%
Boliwia
87%
Surinam
87%
Hiszpania
86%
Pakistan
86%
Indie
85%
Libia
85%
Peru
85%
Mjanma
84%
Nepal
84%
Szwajcaria
84%
Bhutan
83%
Kolumbia
83%
Paragwaj
83%
Słowacja
81%
Urugwaj
81%
Azerbejdżan
80%
Wenezuela
79%
Sudan
78%
Austria
77%
Włochy
77%
Turcja
76%
Algieria
74%
Gujana
74%
Łotwa
74%
Afganistan
73%
Bułgaria
73%
Estonia
73%
Gruzja
73%
Irak
73%
Wielka Brytania
73%
Chile
72%
Egipt
72%
Niger
71%
Maroko
70%
Belgia
69%
Dania
69%
Holandia
69%
Iran
69%
Węgry
69%
Mozambik
68%
Namibia
68%
Republika
Południowej Afryki
68%
Serbia
68%
Szwecja
68%
Zimbabwe
68%
Botswana
67%
Czad
67%
Laos
67%
Mali
67%
Słowenia
67%
Portugalia
66%
Rumunia
66%
Andora
65%
Arabia Saudyjska
65%
Eswatini
65%
Kirgistan
65%
Luksemburg
65%
Lesotho
64%
Sudan Południowy
64%
Grecja
63%
Republika
Środkowoafrykańska
63%
Wietnam
63%
Tadżykistan
62%
Armenia
60%
Izrael
59%
Kamerun
58%
Oman
58%
Tanzania
58%
Demokratyczna
Republika Konga
57%
Jordania
57%
Mauretania
57%
Syria
57%
Zambia
56%
Macedonia Północna
55%
Uganda
55%
Zjednoczone Emiraty
Arabskie
55%
Burkina Faso
54%
Chorwacja
54%
Kongo
54%
Nigeria
54%
Czarnogóra
53%
Etiopia
53%
Irlandia
53%
Jemen
53%
Angola
52%
Kuwejt
51%
Turkmenistan
51%
Rwanda
49%
San Marino
49%
Watykan
49%
Bangladesz
48%
Bośnia i Hercegowina
48%
Kenia
48%
Sri Lanka
48%
Burundi
47%
Gwatemala
47%
Mołdawia
46%
Albania
45%
Somalia
45%
Ekwador
44%
Indonezja
44%
Malezja
44%
Benin
43%
Panama
43%
Tunezja
42%
Gabon
41%
Katar
41%
Kosowo
41%
Kostaryka
40%
Papua-Nowa Gwinea
40%
Belize
38%
Erytrea
38%
Gwinea
38%
Dżibuti
37%
Timor Wschodni
35%
Uzbekistan
35%
Senegal
34%
Wybrzeże Kości
Słoniowej
34%
Honduras
32%
Kambodża
32%
Tajlandia
32%
Nikaragua
31%
Monako
30%
Salwador
27%
Dominikana
25%
Haiti
25%
Ghana
24%
Togo
22%
Gwinea Bissau
20%
Liban
20%
Liberia
20%
Korea Południowa
17%
Malawi
16%
Sierra Leone
16%
Gambia
15%
Liechtenstein
15%
Gwinea Równikowa
11%
Brunei
8%

Rozkład punktacji

Percentyl według liczby udzielonych odpowiedzi

Procent ludzi z każdym wynikiem

Twoja historia wyników

Nie rozwiązałeś tego quizu od ostatniego zresetowania